| 000 | 00448nam a2200145Ia 4500 | ||
|---|---|---|---|
| 041 | _aArabic | ||
| 082 | _a341,21 cut-894 ح | ||
| 100 | _a20260118u\\\\\\\\\\\y0engy0103\\\\ba | ||
| 100 | _aد.منتصر سعيد حموده | ||
| 245 | 0 | _aالمنظمة الدولية للشرطة الجنائية الانتربول | |
| 250 | _aط1 | ||
| 260 |
_bدار الفكر الجامعي _aالاسكندرية _c2008 |
||
| 300 | _a198 | ||
| 942 | _cBk | ||
| 999 |
_c187768 _d187768 |
||